| 000 | 01113cam a2200301 a 4500 | ||
|---|---|---|---|
| 001 | 583 | ||
| 003 | BD-RjUL | ||
| 005 | 20211208233213.0 | ||
| 008 | 750624s1961 xx 000 0 eng | ||
| 035 | _a(BD-RjUL)601 | ||
| 035 | _a(OCoLC)1409419 | ||
| 040 |
_aDLC _cOTU _dNAlU _dUk _dDLC _beng |
||
| 041 | _aeng | ||
| 082 |
_223 _a 025.4 _bSAY 1961 |
||
| 245 | 0 | 4 |
_aThe Sayers memorial volume : _bessays in librarianship in memory of William Charles Berwick Sayers / _cEdited by D. J. Foskett and B. I. Palmer for the Classification Research Group (London) |
| 260 |
_aLondon : _bLibrary Association, _c1961. |
||
| 300 |
_a218 p. : _bill. ; _c26 cm. |
||
| 504 | _aIncludes bibliographies. | ||
| 600 | 1 | 0 |
_aSayers, W. C. Berwick _q(William Charles Berwick), _d1881-1960. _9220700 |
| 650 | 0 |
_aClassification _xBooks. _91789 |
|
| 650 | 0 |
_aClassification of sciences. _91790 |
|
| 650 | 0 |
_aLibrary science _9220697 |
|
| 700 | 1 |
_aFoskett, D. J. , _eed. _91516 |
|
| 700 | 1 |
_aPalmer, Bernard Ira, _d1910- _e jt. ed. _91751 |
|
| 710 |
_aClassification Research Group (London) _9220698 |
||
| 942 |
_2ddc _cBK |
||
| 999 |
_c583 _d583 |
||